Técnicas escénicas en la proyección del folclor

Gardado en:
Detalles Bibliográficos
Main Authors: Pastor Infanta, María Isabel (autora), Torres Meza, Javier (Author)
Formato: Libro
Idioma:Lingua castelá
Publicado: Santiago FONDART 1995
Subjects:
Tags: Engadir etiqueta
Sen Etiquetas, Sexa o primeiro en etiquetar este rexistro!

MARC

LEADER 00000nam a2200000 a 4500
001 UCM1042
003 CL-VaPUC
008 020322e19950000CL |||||||||||||||||spa|d
082 0 4 |a 792.02  |b PAS  |2 21 
100 |a Pastor Infanta, María Isabel  |e autora  |9 468077 
700 0 |a Torres Meza, Javier  |e author  |9 468078 
245 1 0 |a Técnicas escénicas en la proyección del folclor 
300 |a 138 p 
942 |c BK 
945 |d 20020322 00:00:00  |a cmena 
260 |a Santiago  |b FONDART  |c 1995 
650 7 |a FOLKLORE - ARTES ESCENICAS  |2 CL-VaPUC  |9 468079 
650 7 |a TEATRO CHILENO - PUESTA EN ESCENA  |2 CL-VaPUC  |9 468080 
583 |a last modification  |c 20020322 00:00:00  |k Rodrigo Vera 
999 |c 299756  |d 299754 
952 |0 0  |1 0  |4 0  |6 792_020000000000000_PAS_1995  |7 0  |8 X  |9 356658  |a FDOMLP  |b FDOMLP  |d 2019-11-21  |i 3797406  |o 792.02 PAS 1995  |p 3797406  |r 2019-11-21  |w 2019-11-21  |y BK_X  |k BU2